000 00593nam a2200193Ia 4500
005 20250508160030.0
008 008 250505s9999 xx 000 0 eng d
037 _aTextual
040 _aFEDL
_beng
_cFEDL
041 _aeng
_2eng
084 _a370.941, SCO
_qFEDL
245 0 _aEducation in Scotland in 1949: A report of the secretary of state for Scotland
245 0 _cScottish Education Department
260 _aEdinburgh
_bHer Majesty's Stationary Office
_c1950
300 _a85p
650 _aEducation
942 _cTEXL
_h370.941, SCO
999 _c1361228
_d1361228